: بھگود گیتا (Record no. 109206)

MARC details
000 -LEADER
fixed length control field 00766nam a22002177a 4500
005 - DATE AND TIME OF LATEST TRANSACTION
control field 20170123162350.0
010 ## - LIBRARY OF CONGRESS CONTROL NUMBER
LC control number A-645646
020 ## - INTERNATIONAL STANDARD BOOK NUMBER
Terms of availability 70.00
International Standard Book Number 8171600549
035 ## - SYSTEM CONTROL NUMBER
System control number A-645646
037 ## - SOURCE OF ACQUISITION
Source of stock number/acquisition Cen Lib/Ret
040 ## - CATALOGING SOURCE
Original cataloging agency DPL
Language of cataloging UR
082 ## - DEWEY DECIMAL CLASSIFICATION NUMBER
Classification number 181.45
Item number ب ہ گ
245 ## - TITLE STATEMENT
Title : بھگود گیتا
Statement of responsibility, etc مترجم شاہ الحق حقی
Remainder of title اردو ترمجہ
246 ## - VARYING FORM OF TITLE
Title proper/short title Bhagvat Geeta :urdu tarjuma /
Remainder of title translated by Shah Al-haq
260 ## - PUBLICATION, DISTRIBUTION, ETC. (IMPRINT)
Place of publication, distribution, etc نئی دہلی
Name of publisher, distributor, etc انجمن ترقی اردو
Date of publication, distribution, etc 1999
270 ## - ADDRESS
City نئی دہلی
Address اردو گھر : ٢١٢, روسے ایونیو
Postal code 110002
300 ## - PHYSICAL DESCRIPTION
Extent 168p.
Dimensions 20cm(Hb)
650 ## - SUBJECT ADDED ENTRY--TOPICAL TERM
Topical term or geographic name as entry element مذہب
Form subdivision ہندو
9 (RLIN) 136367
650 ## - SUBJECT ADDED ENTRY--TOPICAL TERM
Topical term or geographic name as entry element Religion
Form subdivision Hindu
9 (RLIN) 136368
942 ## - ADDED ENTRY ELEMENTS (KOHA)
Source of classification or shelving scheme Dewey Decimal Classification
Koha item type Urdu Bks
Classification part 181.45
Call number suffix ب ہ گ
Holdings
Withdrawn status Lost status Damaged status Not for loan Home library Current library Date acquired Source of acquisition Cost, normal purchase price Total Checkouts Full call number Barcode Date last seen Copy number Cost, replacement price Price effective from Koha item type
        Central Library Central Library 25/02/2016 Cen Lib/Ref 70.00   181.45 ب ہ گ A-645646 25/02/2016 1 70.00 25/02/2016 Urdu Bks

© Delhi Public Library
Hit Counter
free hit counter